00377 2200157 4500245004600000020002200046250001100068100001800079650002000097005001900117260002900136041001400165084000800179300002300187336000900210 aSenja di Langit CekocKirana KejorahText a978-602-72707-1-8 aCet. 1 aKirana Kejora aNovel Indonesia a20230118130302 aJakartabDua Mediac2016 aIndonesia a813 a290 hlm. :c21 cm. atext